00482 2200193 4500001002100000005001500021035002000036008004100056245004900097100001900146250000600165260004600171300001100217084001400228082000800242650001400250990001200264990001200276INLIS00000000000037120240503072325 a0010-0424000347240503 0 ind 1 aMenyuling Minyak Atsiri /cIr. Tuhana Taufiq aTaufiq, Tuhana a1 aYogyakarta :bPT. Citra Aji Parama,c2015 a60 hlm a600 TUH m a600 4aNon Fiksi a0728578 a0728579